[Event "PHI-ch U12"]
[Site "San Antonio"]
[Date "2014.04.25"]
[Round "9"]
[White "Canasta, Sem"]
[Black "Paler, Emanuel Van R"]
[Result "1/2-1/2"]
[WhiteElo "1751"]
[BlackElo "1984"]
[PlyCount "203"]
[EventDate "2014.04.21"]
[EventType "swiss"]
[EventRounds "13"]
[EventCountry "PHI"]
[SourceTitle "CBM 160 Extra"]
[Source "ChessBase"]
[SourceDate "2014.07.01"]
[SourceVersion "1"]
[SourceVersionDate "2014.07.01"]
[SourceQuality "1"]

1. f4 e5 2. fxe5 d6 3. exd6 Bxd6 4. Nf3 g5 5. d4 g4 6. Ne5 Bxe5 7. dxe5 Qxd1+ 8. Kxd1 Nc6 9. Bf4 Nge7 10. e3 Bf5 11. Nc3 0-0-0+ 12. Kc1 Ng6 13. Bg5 Rde8 14. Bf6 Rhg8 15. Bb5 Bd7 16. Nd5 Ngxe5 17. Rd1 g3 18. h4 a6 19. Be2 Ng4 20. Bg5 Rg6 21. Bf4 Nge5 22. h5 Rge6 23. b3 Ne7 24. Kb2 Nxd5 25. Rxd5 Bc6 26. Rd2 Rg8 27. Rad1 b5 28. Bd3 Nxd3+ 29. cxd3 Kb7 30. d4 Bd5 31. Re1 f6 32. Rc1 c6 33. h6 Rg4 34. Rh1 Be4 35. Rh3 Bd5 36. Rxg3 Rxg3 37. Bxg3 Rxe3 38. Bf4 Re4 39. g3 Re1 40. Rf2 Be4 41. Bd2 Rb1+ 42. Ka3 f5 43. g4 fxg4 44. Rf4 Bg6 45. Rxg4 Kb6 46. Bb4 a5 47. Bc5+ Kc7 48. b4 a4 49. Rg2 Re1 50. Rd2 Re3+ 51. Kb2 a3+ 52. Kc1 Re1+ 53. Rd1 Re2 54. Rd2 Re1+ 55. Rd1 Rxd1+ 56. Kxd1 Bb1 57. Kc1 Bxa2 58. Bf8 Kd7 59. Bg7 Ke6 60. Be5 Kd5 61. Kc2 Kc4 62. Bd6 Kxd4 63. Bf8 Kc4 64. Be7 Kd5 65. Bc5 Ke5 66. Bf8 Kf5 67. Kc3 Kg5 68. Bg7 Bd5 69. Bf8 Kg6 70. Bg7 Kg5 71. Bf8 Kf4 72. Bg7 Ke3 73. Kc2 c5 74. Bf8 cxb4 75. Bxb4 a2 76. Kb2 Kd4 77. Bf8 Bc4 78. Bg7+ Kd3 79. Ka1 Kc2 80. Bb2 Kb3 81. Bg7 Ka3 82. Bf8+ Kb3 83. Bg7 Kc2 84. Bf6 b4 85. Bc3 Kb3 86. Bg7 Bd3 87. Bf6 Bb1 88. Bh8 Bg6 89. Bg7 Bf7 90. Bf8 Kc3 91. Bg7+ Kc2 92. Bf6 Kd3 93. Bg7 Ke4 94. Kb2 Kf5 95. Ka1 Kg6 96. Kb2 Bd5 97. Ka1 Kf7 98. Kb2 b3 99. Ka1 Be4 100. Bb2 Bc2 101. Bg7 Be4 102. Kb2 1/2-1/2

[Event "PHI-ch U12"]
[Site "San Antonio"]
[Date "2014.04.24"]
[Round "7"]
[White "Canasta, Sem"]
[Black "Mantilla, Earl Rhey"]
[Result "0-1"]
[WhiteElo "1751"]
[BlackElo "1897"]
[PlyCount "118"]
[EventDate "2014.04.21"]
[EventType "swiss"]
[EventRounds "13"]
[EventCountry "PHI"]
[SourceTitle "CBM 160 Extra"]
[Source "ChessBase"]
[SourceDate "2014.07.01"]
[SourceVersion "1"]
[SourceVersionDate "2014.07.01"]
[SourceQuality "1"]

1. f4 e6 2. Nf3 Bc5 3. e3 Nf6 4. b3 d5 5. Bb2 Nbd7 6. Nc3 0-0 7. Bd3 Re8 8. 0-0 c6 9. Ne2 h6 10. Ng3 Qc7 11. Ne5 Be7 12. Nh5 Nxh5 13. Qxh5 Nxe5 14. Bxe5 Qd8 15. Rf3 Bf6 16. Rg3 Kf8 17. Rf1 Qe7 18. Rff3 Rd8 19. Bh7 Ke8 20. Bg8 b6 21. Rg4 Ba6 22. d3 Rd7 23. h3 Kd8 24. Kh2 Kc8 25. Bxf6 Qxf6 26. Rfg3 g6 27. Qxh6 Kc7 28. Bh7 Rh8 29. f5 exf5 30. Rh4 Qe5 31. d4 Qe7 32. Qg7 Qxh4 33. Qxh8 f6 34. Rxg6 Qxh7 35. Qxf6 Bb7 36. Qe5+ Kc8 37. Qxf5 Qe7 38. Rg8+ Kc7 39. Qf4+ Qd6 40. Qxd6+ Kxd6 41. Rg6+ Ke7 42. h4 Kf7 43. h5 Re7 44. Rg3 Re4 45. Kh3 Bc8+ 46. Kh2 Rh4+ 47. Kg1 Rxh5 48. Rf3+ Ke7 49. b4 Rg5 50. Kf2 Bf5 51. c3 Be4 52. Rg3 Kf6 53. Rh3 Rxg2+ 54. Kf1 Rxa2 55. Rh6+ Kg5 56. Rxc6 Kg4 57. c4 dxc4 58. Re6 Kf3 59. Kg1 c3 0-1

[Event "PHI-ch U12"]
[Site "San Antonio"]
[Date "2014.04.21"]
[Round "1"]
[White "Canasta, Sem"]
[Black "Comendador, Marc Jason"]
[Result "0-1"]
[WhiteElo "1751"]
[BlackElo "1797"]
[PlyCount "76"]
[EventDate "2014.04.21"]
[EventType "swiss"]
[EventRounds "13"]
[EventCountry "PHI"]
[SourceTitle "CBM 160 Extra"]
[Source "ChessBase"]
[SourceDate "2014.07.01"]
[SourceVersion "1"]
[SourceVersionDate "2014.07.01"]
[SourceQuality "1"]

1. f4 d5 2. Nf3 Nc6 3. e3 Bf5 4. Bb5 a6 5. Nd4 axb5 6. Nxf5 e6 7. Ng3 Nf6 8. d4 Bd6 9. c3 Ne7 10. b3 b6 11. b4 c5 12. Qb3 c4 13. Qd1 0-0 14. 0-0 Re8 15. Qc2 Qc7 16. Nd2 Ng4 17. Nf3 f5 18. Qe2 Ng6 19. h3 Nf6 20. Ne5 Bxe5 21. fxe5 Ne4 22. Nxe4 dxe4 23. a3 Ne7 24. Bb2 Nd5 25. Rf2 Qe7 26. a4 bxa4 27. Qxc4 Rec8 28. Qb5 a3 29. Rxa3 Rxa3 30. Bxa3 Rxc3 31. Qa6 Rxe3 32. Qc8+ Kf7 33. Qa8 Rd3 34. Rc2 e3 35. Qa6 Rd2 36. Rxd2 exd2 37. Qe2 Qg5 38. Kh1 Nc3 0-1